Statistics for Arthur Last Names Quiz

Click here to take the quiz!

General Stats

  • This quiz has been taken 122 times
    (112 since last reset)
  • The average score is 22 of 35

Answer Stats

First NameLast Name% Correct
D.WRead
100%
ArthurRead
100%
BusterBaxter
97%
Shelly "Binky"Barnes
90%
MuffyCrosswire
89%
FrancineFrensky
89%
KateRead
89%
Alan "Brain"Powers
80%
TommyTibble
80%
TimmyTibble
80%
PalRead
76%
ThoraRead
73%
DavidRead
71%
GeorgeLundgren
67%
JaneRead
67%
Sue EllenArmstrong
64%
KatherineFrensky
64%
NigelRatburn
64%
ChipCrosswire
59%
NemoFrensky
57%
KillerRead
57%
BudCompson
54%
LadonnaCompson
53%
BubbyFrensky
49%
VicitaMolina
47%
PrunellaDeegan
46%
AlbertoMolina
46%
JennaMorgan
46%
FernWalters
44%
MollyMacDonald
40%
JamesMacDonald
40%
AmigoMolina
40%
FrancisHaney
34%
MariaPappas
31%
MarinaDatillo
27%

Score Distribution

Percentile by Number Answered

Percent of People with Each Score

Your Score History

You have not taken this quiz since the last reset